000 00387nam a2200145Ia 4500
008 210210b1978 xxu||||| |||| 00| 0 eng d
082 _a230 TOSE
100 _aTO SET THE DOWNTRODDEN FREE.
245 _aTo set the downtrodden Free.Book 2.Teachers guide.
260 _aBangalore
_bNBCLC
_c1978
300 _a139
650 _aValue Education
690 _aChristianity
906 _a035765
999 _c86388
_d86388